000 00944nam a2200241Ia 4500
003 GCL
008 140319s9999 xx 000 0 ara d
040 _aGCL /
_cGCL
082 0 4 _a613.028
_bا ق
100 1 _aاهيرا، هيرمان
245 1 0 _aالقواعد الاساسية لعلم الماكروبيوتك : جوهرة الماكروبيوتك :
_bمصادر الطاقة والصحة والسعادة الكامنة فى النظام الغذائى الشمولى /
_cاهيرا، هيرمان
250 _aالثانية
260 _aالقاهرة :
_bدار الخيال ،
_c2003
300 _a243 ص ؛
_c24 سم
650 0 4 _aالتغذية
650 0 4 _aالفيتامينات
650 0 4 _aالبروتينات
650 0 4 _aالاغذية
650 0 4 _aالدهون فى التغذية
650 0 4 _aالتغذية - الجوانب الصحية
650 0 4 _aالاغذية - مكونات
942 _2ddc
_cBK
999 _c6232
_d6232